[Event "Grenke Chess Classic 3rd"]
[Site "Baden-Baden"]
[Date "2015.02.09"]
[Round "7"]
[White "Adams, Michael"]
[Black "Anand, Viswanathan"]
[Result "1-0"]
[WhiteElo "2738"]
[BlackElo "2797"]
[Annotator "Mokal,P"]
[PlyCount "177"]
[EventDate "2015.02.02"]
[EventType "tourn"]
[EventRounds "7"]
[EventCountry "GER"]
[EventCategory "20"]
[SourceTitle "CBM 165"]
[Source "ChessBase"]
[SourceDate "2015.03.11"]
[SourceVersion "1"]
[SourceVersionDate "2015.03.11"]
[SourceQuality "1"]

1. d4 Nf6 2. c4 e6 3. Nf3 d5 4. g3 Be7 5. Bg2 O-O 6. O-O dxc4 7. Qc2 a6 8. a4
Bd7 9. Qxc4 Bc6 10. Bf4 Bd6 11. Bg5 Nbd7 12. Nc3 h6 13. Bxf6 Nxf6 14. a5 Qe7
15. Nh4 $146 {A new but harmless continuation.} (15. Nd2 Bd5 $5 16. Bxd5 exd5
17. Nxd5 Nxd5 18. Qxd5 Qxe2 19. Ne4 $11 {In spite of White's centralized
pieces Black had a holdable position in Giri,A (2734)-Aronian,L (2812)/Wijk
aan Zee 2014/CBM 159/[Marin,M] (48)}) (15. Rfd1 Bd5 16. Qd3 Bxf3 $5 17. Bxf3 c6
{Black is solid but many games can be played from this position. The game in
which it arose for the first time was later drawn. It was Wang Yue - Radjabov,
T, China, 2013.}) ({According to Mihail Marin in CBM 159, in the following
game, White played Nf3-d2 after some moving back and forth by both sides:} 15.
Rfe1 Bb4 16. Rec1 Rfd8 17. e3 Bd6 18. Nd2 Bxg2 19. Kxg2 c5 20. dxc5 Bxg3 21.
Nf3 Bc7 $132 {Bukavshin,I (2476)-Lysyj,I (2624) St Petersburg 2012 (1/2, 32)})
15... Bxg2 16. Kxg2 {Black's typical freeing breaks in such structures are ...
c5 or ...e5.} Rfd8 (16... c5 $5 {comes into consideration. The question here
is whether White will have some play on the light squares in and around the
centre.} 17. d5 exd5 (17... g5 18. Nf3 exd5 19. Nxd5 Nxd5 20. Qxd5 Rad8 21. Qf5
$13) 18. Nxd5 Nxd5 19. Qxd5 Rfd8 20. Nf5 Qc7 21. Qf3 Rac8 22. Ne3 $13 {[%cal
Ge3d5]}) (16... e5 $2 17. Ng6 $18) 17. e4 Bb4 {[%csl Re4] Avoiding the fork
and at the same time threatening the e4-pawn.} 18. e5 Nd5 19. Nf5 Qd7 ({
An interesting alternative was} 19... Qf8 $5 {with the idea of immediately
playing...c5 after the N retreats from f5.} 20. Ne3 Bxc3 21. bxc3 c5 22. Rac1 (
22. Rab1 $6 Nxc3 $1 23. Qxc3 cxd4 $15) (22. dxc5 Nxe3+ 23. fxe3 Rd2+ 24. Rf2
Rxf2+ 25. Kxf2 Rc8 $15) 22... Qe7 $11 {[%cal Ge7c7,Gc7a5] Black is doing fine.}
) 20. Ne3 Bxc3 21. bxc3 Qb5 22. Qxb5 axb5 23. Rfc1 c5 {Black has other ways of
playing this position but this freeing move seems like a comfortable equaliser.
} 24. Nxd5 (24. dxc5 Nxe3+ 25. fxe3 Rd5 $11) 24... Rxd5 25. Rcb1 cxd4 26. cxd4
Rc8 ({With both the Rs keeping an eye on at least one P, another idea was to
first improve the K and the pawn structure with} 26... g5 $5 {[%cal Gd5d4,
Ga8a5]} 27. Kf3 Kg7 28. Ke3 (28. Ke4 Kg6 29. Rb4 f6 (29... Ra6 $5 $11) 30. exf6
Kxf6 $11) 28... Kg6 29. h3 (29. Rc1 b4 30. Rcb1 {is similar.}) 29... h5 30. Rc1
(30. Kd3 Rad8 $11) (30. Rb4 f6 31. exf6 Kxf6 $11) 30... b4 31. Rcb1 Raxa5 32.
Rxa5 Rxa5 33. Rxb4 b5 34. Ke4 Ra2 $11) 27. Rb4 Rc4 28. Rab1 Rcxd4 29. Rxd4 Rxd4
30. Rxb5 Rd7 $6 {A perplexing decision. Conventional wisdom advices to keep
the rook active. It is hard to believe that an ex-World Champion would not
want to keep his R active. Most probably Anand saw a draw in both ...Ra4 and ..
.Rd7. I don't think that Anand tossed a coin! I believe he chose the latter
simply because there is less calculation, and no apparent risk of a white king
march to the queenside. At least at first sight.} ({I wonder why Anand
rejected the more active placement of the rook with} 30... Ra4 {seems better.
With rook behind the pawn (here, the opponent's pawn) there should be enough
counterplay to make a draw.} 31. Kf3 (31. f4 g5 32. Kf3 gxf4 33. gxf4 h5 34. h4
Kf8 (34... Kg7 $5 35. f5 exf5 36. Rxb7 Rxa5 37. e6 (37. Kf4 Ra6 $11) 37... Ra4
38. Rxf7+ Kg6 39. Rf8 Re4 $11) 35. Ke3 Kg7) (31. h4 g5 32. h5 (32. hxg5 hxg5
33. Kf3 Kg7 34. Ke3 Kg6 35. g4 Rxg4 36. Rxb7 Ra4 $11) 32... g4 {[%csl Ga4]
This is an important change compared to the game. The move...g4 uses the
rook's effective placement.} 33. Kf1 Ra2 (33... Kf8 34. Ke2 Ra3 35. Rc5) 34.
Rb4 Rxa5 35. Rxg4+ Kf8 36. Re4 Rb5 (36... Ra8 37. Rb4) 37. Ke2 Rb2+ 38. Kf3 b5
$11) 31... g5 32. g4 (32. Ke3 Kg7 33. Kd3 g4 34. Kc3 Kg6 (34... Ra2 35. Kc4)
35. Kb3 Ra1 36. Kc4 Rc1+ 37. Kd4 (37. Kb4 Kg5 $11 {[%cal Gb1b7]}) 37... Rc7 $11
{[%csl Gg6] The black king is healthier here, than in the game.}) 32... Kg7 33.
Kg3 Ra3+ 34. f3 Kg6 35. Kf2 Ra2+ 36. Ke3 Ra4 37. Kd3 h5 38. h3 h4 39. Kc3 Ra2
40. Kb4 Rh2 41. Kc5 Rxh3 42. Rxb7 Rxf3 43. Rb8 Ra3 44. Kb4 Ra1 45. Rg8+ Kh6 46.
Kb5 Rb1+ 47. Kc6 (47. Ka6 Rb4 $19) 47... Ra1 48. Kb6 Rb1+ 49. Kc6 (49. Ka7 Rb4
50. a6 Rxg4 51. Kb6 Ra4 $11) 49... Ra1 $11) 31. Kf3 g5 32. h4 Kg7 33. h5 f6 ({
If Black continues passively White has good chances to push for a win. For
example} 33... Kh7 34. Kg4 Kg7 35. f4 gxf4 36. gxf4 Kh7 37. f5 $1 exf5+ 38.
Kxf5 Kg7 39. e6 $1 fxe6+ 40. Kxe6 Rf7 41. Rd5 Rf6+ 42. Kd7 Rf7+ 43. Kc8 $16)
34. exf6+ Kxf6 35. g4 Ke7 36. Ke4 Kf6 37. Rb3 Ke7 (37... Rd5 38. Rxb7 Rxa5 39.
Rh7 {would have probably saved some ink and paper.}) 38. f3 Kf6 39. Rb6 Ke7 40.
Rb5 Kf6 41. Rb3 ({Sooner or later White's best try is likely to be} 41. Rc5 {
but it does not seem to cause too much trouble if Black plays accurately.} Kf7
42. Rc8 Rd5 43. Rc7+ Kg8 44. Rxb7 Rxa5 45. Re7 Ra4+ 46. Ke5 Rf4 47. Rxe6 Kh7
48. Rf6 Ra4 $11) 41... Ke7 42. Rd3 Rc7 43. Kd4 Kf6 44. Rb3 Rf7 45. Rb5 Rc7 46.
Rb4 (46. Rc5 Rd7+ 47. Kc4 Rd1 48. Rb5 Rc1+ 49. Kd4 Rc7 $11) 46... Ke7 47. Rc4
Rd7+ 48. Kc5 Rd6 49. Rb4 Rc6+ 50. Kb5 Rd6 51. Rb3 Kf6 (51... Kd7 $5 52. Kc5
Rd5+ 53. Kb6 (53. Kb4 Kc6 54. Rc3+ Kd7 55. Rc5 Rd1 $11) 53... Kc8 54. Rc3+ Kb8
55. Rc4 Rd6+ 56. Kb5 Rd5+ 57. Ka4 Rd3 58. f4 gxf4 59. Rxf4 Kc7 60. Rf6 Rd4+ 61.
Kb5 Rxg4 62. Rxh6 Rg5+ 63. Kb4 Rg4+ 64. Kc3 Rh4 $11) 52. Kc5 Rc6+ 53. Kd4 Rd6+
54. Ke4 Rd7 55. Rb6 Rd5 {This does not lose, but White had not made any
significant progress, so it is not clear why Black decided to switch gears.
Probably Anand got bored and saw that even if he loses the h6P White cannot
make progress. It he had not blundered later, this would have very well been
the case.} (55... Ke7 56. f4 gxf4 57. Kxf4 Kf6 $11) 56. Rxb7 Rxa5 57. Rh7 Ra4+
58. Ke3 Ra3+ 59. Kf2 Ra2+ 60. Kg3 Ra3 61. Rxh6+ Kf7 62. Rh7+ Kf6 63. Rd7 Ra2
64. Rd3 Rb2 65. Re3 Rb4 66. Re2 Ra4 67. Kf2 Ra3 68. Rd2 Ra4 69. Ke3 Ra3+ 70.
Ke4 Ra4+ 71. Rd4 Ra1 72. Ke3 Ra3+ 73. Rd3 Ra4 74. Rb3 Ra1 75. Rb7 Ra3+ 76. Kf2
Ra2+ 77. Kg3 Ra3 78. Rb8 Kf7 79. Rb1 Kf6 80. Re1 Ra4 81. Kf2 Ra2+ 82. Kg3 Ra4
83. Rh1 Ra7 84. Kf2 Ke5 $4 {This is the decisive mistake. The K was badly
needed to block White's hP.} ({Black would have still been able to hold with} 
84... Ra2+ $142 85. Ke3 Ra3+ 86. Kd4 Ra4+ 87. Kc5 Kg7 88. Rh3 (88. Kd6 Ra3 89.
Rh3 (89. Rf1 Kf6 $11) 89... Re3 90. Ke7 Kh6 91. Kf6 e5 $11) (88. Re1 Kf7 (88...
Kf6 $6 89. h6 Kf7 90. Rh1 Kg8 91. h7+ Kh8 92. Rh3 $16) 89. h6 (89. Re4 Ra5+ 90.
Kb4 (90. Kd4 Ra3 91. f4 Ra4+ 92. Ke5 Ra5+ 93. Kd6 Ra6+ 94. Kc5 Kf6 95. fxg5+ (
95. h6 gxf4 96. Rxf4+ Kg6 97. g5 Ra5+ 98. Kd6 Rxg5 $11) 95... Kxg5 96. Kd4 Kf6
97. Ke3 e5 98. Kf3 Ra3+ 99. Re3 Ra5 100. Kg3 Kg5 101. Rf3 e4 $11) 90... Ra1 91.
f4 Kf6 $1 92. fxg5+ (92. h6 Rh1 $11) 92... Kxg5 93. Kc4 Rd1 94. Rd4 Re1 95. Kd3
e5 (95... Rd1+ 96. Ke3 Re1+) 96. Re4 Ra1 97. Ke3 (97. Kc4 Rd1 98. Kc5 Rd2 $11)
97... Ra3+ 98. Ke2 Rb3 99. Kf2 Ra3 100. Kg2 Ra2+ 101. Kf3 Ra3+ 102. Re3 e4+
103. Kf2 (103. Kxe4 Ra4+ 104. Kf3 Rf4+ $11) 103... Ra2+ 104. Kg3 Ra4 105. Rb3
Ra5 $11) 89... Ra3 90. Rh1 (90. h7 Kg7 91. Rxe6 Rxf3 $11) 90... Kg8 $11) (88.
h6+ Kh7 89. Rh5 Ra3 $11) 88... Ra5+ 89. Kd6 Kf7 90. h6 Rd5+ 91. Kc7 Kg8 92. Rh1
Rd3 $11) 85. h6 Ra2+ (85... Rh7 86. Ke3 Kf6 87. Ke4 $18 {[%csl Rh7][%cal Ge4e5]
With the rook stuck on h7, Black has to give way.}) 86. Kg3 Ra8 87. h7 Rh8 88.
Rh6 Kd6 89. Kf2 {[%csl Rh8] Black's loss in this comparatively irrelevant last
round game seems more due to psychological factors than 'chessical' ones.} ({
Again the rook is stuck and the white king will finish the game off.} 89. Kf2
Ke7 90. Ke3 Kf7 91. Ke4 Kg7 92. Rh5 Kf6 (92... Rxh7 93. Rxh7+ Kxh7 94. Ke5 $18)
93. Rh1 Kg6 94. Ke5 Kf7 95. Rh5 $18) 1-0

[Event "Biel GM 48th"]
[Site "Biel"]
[Date "2015.07.20"]
[Round "1"]
[White "Adams, Michael"]
[Black "Navara, David"]
[Result "1-0"]
[WhiteElo "2740"]
[BlackElo "2724"]
[Annotator "Szabo,Kr"]
[PlyCount "111"]
[EventDate "2015.07.20"]
[EventType "tourn"]
[EventRounds "10"]
[EventCountry "SUI"]
[EventCategory "19"]
[SourceTitle "CBM 168"]
[Source "ChessBase"]
[SourceDate "2015.09.14"]
[SourceVersion "1"]
[SourceVersionDate "2015.09.14"]
[SourceQuality "1"]

1. e4 c5 2. Nf3 d6 3. d4 cxd4 4. Nxd4 Nf6 5. Nc3 a6 6. g3 e5 7. Nde2 Be7 8. Bg2
{Adams chooses a solid line against the Najdorf. Usually he feels very
comfortable in this type of position.} b5 (8... O-O) ({and} 8... Nbd7 {are
more common continuations.}) 9. Nd5 (9. O-O {has also been played, but the
text move is more ambitious.}) 9... Nbd7 10. Nec3 Bb7 11. a4 Nxd5 12. Nxd5 O-O
$146 {A novelty by Navara.} ({Recently Grischuk played} 12... Nf6 13. axb5 Nxd5
14. exd5 axb5 15. Rxa8 Qxa8 16. Qd3 O-O 17. O-O Bc8 18. Be3 Bd7 $11 {
Carlsen-Grischuk, Stavanger 2015, should be an equal position, but White
managed to win.}) 13. axb5 axb5 14. Rxa8 Bxa8 15. O-O Nc5 $6 {An inaccuracy,
which only helps White.} (15... Nf6 $5) 16. b4 Ne6 17. h4 $1 {White has a
slight advantage, he avoided ...Bg5. The position is very similar to the
Sveshnikov Variation, White holds the d5-square and Black fights for equality}
Bxd5 ({In the event of} 17... Nc7 18. Nxe7+ Qxe7 19. Qd3 $14) 18. Qxd5 Nd4 (
18... Qc7 19. Be3 Qxc2 20. Qxb5 $16 {and thanks to the b-P and two Bs, White's
chances are better.}) 19. c3 Ne2+ 20. Kh2 Nxc1 ({If} 20... Nxc3 21. Qd3 Qc7 22.
Bd2 $16 {and White gains back the b5-P.}) 21. Rxc1 Qb6 22. Kg1 Rb8 23. Ra1 {
The opposite coloured Bs are only helpful for White, because the b5-P will be
an unpleasant target, which he can't protect after Bf1 and Ra5.} g6 24. Ra8 (
24. Bf1 $5 {was the alternative,} Qb7 25. Qxb7 Rxb7 26. Ra5 Rc7 27. Rxb5 Rxc3
28. Rb7 $14 {and White continues his long torture.}) 24... Rxa8 25. Qxa8+ Kg7
26. Bf1 (26. Qc8 $5 {was also strong.}) 26... Qc7 27. Qe8 Bf6 $6 {Too passive.}
({Probably} 27... d5 $1 {was tougher} 28. Qxb5 (28. exd5 e4 $1 29. Kg2 Qe5 $132
{with some practical counterchances.}) 28... Qxc3 29. Qxd5 Bxb4 30. Bc4 Kh6 31.
Qxf7 Qe1+ 32. Kh2 Qxe4 {and Black survives.}) 28. Bxb5 Qxc3 $6 {The most human
reaction, but this move allows White's strong reply!} ({Even now} 28... d5 $1 {
was the best practical chance} 29. Qc6 $1 (29. exd5 Qxc3 $132) 29... Qxc6 30.
Bxc6 dxe4 31. Bxe4 Be7 {and still Black can hope for some drawish chances.})
29. Bc6 $1 {White prepares for Bd5, his main target is the f7-P.} Qf3 (29...
Qxb4 $2 {does not work as} 30. Bd5 $18 {and White wins.}) 30. Qd7 $1 {The
strongest reply by Adams! Now the white K is completely safe.} ({The careless} 
30. Bd5 $2 {could have been met by} Bxh4 $1 31. gxh4 Qg4+ $11 {with perpetual
check.}) 30... g5 31. hxg5 (31. Bd5 $1 {was more accurate} gxh4 32. Qxf7+ Kh6
33. Qf8+ Kg6 34. Bf7+ Kg5 35. gxh4+ Kf4 36. Be6 $1 $18 {and White is winning.})
31... Bxg5 32. Qxd6 Qc3 33. Kg2 $1 {A nice cool-headed reaction. The K is safe
on g2 and now White is ready to push his b-P.} Qb2 $1 {Still the best chance.}
34. Qc5 (34. b5 $2 {does not work, because of} Be3 $1) 34... Qd4 35. Qxd4 exd4
36. f4 Be7 37. b5 {White is only one P up in this opposite coloured B endgame,
however the b-P is too dangerous, in my opinion White should be winning.} Bc5
38. e5 d3 39. Be4 d2 40. Bc2 f6 41. exf6+ Kxf6 42. Kf3 h5 43. Ke2 Bd6 44. Ke3 (
44. Kxd2 $2 h4 45. gxh4 Bxf4+ 46. Kd3 Bc7 $11 {and a draw, as Black will
sacrifice his B for the b-P.}) 44... Bc7 45. Bd1 h4 (45... Bb6+ 46. Kxd2 Bf2
47. g4 hxg4 48. Bxg4 $18 {with a theoretically winning endgame.}) 46. gxh4 Kf5
47. Bc2+ Kg4 48. Ke4 Kxh4 (48... Bxf4 49. Bd1+ Kg3 50. h5 $18 {is also
hopeless for Black.}) 49. Bd1 Bd8 50. Kd5 Kg3 51. f5 Kf4 52. Ke6 Ke4 53. Bc2+
Kd4 54. Kd7 Bb6 55. f6 Kc3 56. Bd1 {What a nice victory by Adams!} 1-0

[Event "Biel GM 48th"]
[Site "Biel"]
[Date "2015.07.25"]
[Round "6"]
[White "Navara, David"]
[Black "Adams, Michael"]
[Result "0-1"]
[WhiteElo "2724"]
[BlackElo "2740"]
[Annotator "Krasenkow,M"]
[PlyCount "74"]
[EventDate "2015.07.20"]
[EventType "tourn"]
[EventRounds "10"]
[EventCountry "SUI"]
[EventCategory "19"]
[SourceTitle "CBM 168"]
[Source "ChessBase"]
[SourceDate "2015.09.14"]
[SourceVersion "1"]
[SourceVersionDate "2015.09.14"]
[SourceQuality "1"]

1. c4 e6 2. Nc3 d5 3. d4 Nf6 4. cxd5 exd5 5. Bg5 c6 6. e3 h6 7. Bh4 Be7 8. Qc2
Nbd7 9. Bd3 Nh5 {A simple continuation. The resulting position is more
pleasant for White but it is not so easy for him to break Black's defences.}
10. Bxe7 Qxe7 11. Nge2 (11. O-O-O {is another plan seen in Aronian - Carlsen 
(Baden-Baden 2015).}) (11. Nf3 {is illogical and can be met with} Nf4) 11...
Nb6 (11... O-O {is premature: after} 12. O-O-O {White's kingside attack will
be more dangerous than Black's as the position of Black's king has been
weakened by ...h7-h6. E.g.} Nhf6 13. Rdg1 Re8 14. g4 Nf8 15. h3 b5 16. g5 hxg5
17. Rxg5 Bd7 18. Rhg1 Ne6 19. R5g2 b4 20. Na4 Kf8 21. Bf5 $40 {1-0 (39)
Kalesis,N (2395)-Paidousis,A (2135) Athens 1997}) 12. O-O ({Here, too,} 12.
O-O-O {is possible, e.g.} Be6 13. Kb1 O-O-O 14. Nc1 Kb8 15. Nb3 Bc8 16. Ka1 Nd7
17. Rc1 Nhf6 18. Rhe1 Qd6 19. h3 Rhe8 20. f3 Qg3 21. a4 Nb6 22. e4 $14 {
1-0 (52) Sakaev,K (2619)-Matsenko,S (2429) Budva 2009}) 12... O-O 13. Rae1 {
[%cal Yf2f3,Ye3e4,Ye2c1,Yc1b3] White starts preparing e3-e4, which is the
standard plan when he develops his knight to e2. It now goes to c1-b3 and then
possibly to c5 or a5.} (13. Rab1 $143 a5 $1 (13... Bg4 14. b4 a6 15. a4 Bxe2
16. Nxe2 Rfc8 17. Qc5 Qc7 18. Bf5 Nc4 19. b5 $14 {1-0 (62) Macieja,B (2612)
-Simonian,H (2461) Warsaw 2011}) 14. Qb3 Qd8 (14... Qb4 $5 {M.Marin}) 15. Na4
Nxa4 16. Qxa4 Bg4 17. Nc3 Re8 18. Qc2 Qg5 19. Kh1 Nf6 20. a3 Qh5 21. b4 axb4
22. axb4 Bf3 $5 23. gxf3 Qxf3+ 24. Kg1 Qg4+ 25. Kh1 Qf3+ 26. Kg1 Qg4+ 27. Kh1
Qf3+ {1/2 (27) Leko,P (2737)-Adams,M (2740) Dortmund 2013 CBM 156 [Marin,M]})
13... Be6 (13... Bd7 {0-1 (54) Murdzia,P (2449)-Feygin,M (2512) Germany 2014}
14. Nc1 $1) (13... Re8 14. Nc1 Nf6 15. Nb3 Be6 (15... Qc7 $5 16. h3 (16. f3 $5)
16... Be6 {S.Smagin} 17. Ne2 $14) 16. Nc5 Qc7 17. b4 Nbd7 18. Nb3 Nb6 19. f3
Rad8 20. Qf2 Nc4 21. Nc5 Bc8 22. e4 b6 23. Nb3 Qe7 24. e5 Nh7 25. b5 cxb5 26.
Nxb5 Nf8 27. Nc3 Qb4 28. Rc1 Bb7 29. f4 $36 {1-0 (72) Vyzmanavin,A (2605)
-Smagin,S (2545) Elista 1995 CBM 050 [Baburin]}) 14. Nc1 Rad8 15. Nb3 Rfe8 {
Black is well-prepared for White's play in the centre so White switches to the
queenside.} 16. Nc5 Bc8 17. b4 $6 ({But here} 17. Ne2 {, preventing Black's
reply, was more accurate.}) 17... Nc4 $1 18. Qe2 Qg5 19. f4 (19. Bxc4 $142 dxc4
20. f3 (20. Qxc4 $2 Bh3) 20... Nf6 {[%cal Rf6d5]} 21. Qxc4 Bh3 22. Rf2 Rxe3 $1
23. Rxe3 Qxe3 24. gxh3 Rxd4 25. Qb3 Qc1+ 26. Kg2 Qg5+ 27. Kf1 {- Black has
nothing better than a perpetual.}) 19... Qh4 20. Bxc4 dxc4 21. g3 $2 {[%mdl
8192] An unfortunate continuation, after which Black sacrifices a piece and
obtains a strong attack.} (21. Qxc4 Nxf4 $15) 21... Nxg3 22. hxg3 Qxg3+ 23. Kh1
(23. Qg2 Rxe3) 23... Qh3+ 24. Qh2 (24. Kg1 $2 Rd6 $19) 24... Rxe3 25. Nd1 Rxe1
26. Qxh3 Bxh3 27. Rxe1 b6 28. Ne4 Rxd4 {Four pawns are more than enough for a
piece; Black confidently converts his advantage.} 29. Kh2 Bf5 30. Ndc3 Rd3 31.
b5 {This only helps Black to create a queenside pawn avalanche.} cxb5 32. Nxb5
Bd7 $1 33. a4 a6 34. Nc7 Bxa4 35. Nxa6 c3 36. Nb4 Rd4 37. Na2 Rd2+ 0-1